African Countries by average latitude - Statistics

General Stats
  • This quiz has been taken 9 times
  • The average score is 39 of 54
Answer Stats
Answer % Correct
Algeria
100%
Burkina Faso
100%
Cape Verde
100%
Chad
100%
Djibouti
100%
Egypt
100%
Eritrea
100%
Guinea
100%
Guinea-Bissau
100%
Libya
100%
Mali
100%
Morocco
100%
Sudan
100%
The Gambia
100%
Tunisia
100%
Benin
86%
Ethiopia
86%
Ghana
86%
Ivory Coast
86%
Mauritania
86%
Niger
86%
Senegal
86%
Togo
86%
Central African Republic
71%
Equatorial Guinea
71%
Kenya
71%
Liberia
71%
Nigeria
71%
Sierra Leone
71%
South Sudan
71%
Angola
57%
Botswana
57%
Burundi
57%
Cameroon
57%
Comoros
57%
Congo
57%
D.R. Congo
57%
Eswatini
57%
Gabon
57%
Lesotho
57%
Madagascar
57%
Somalia
57%
South Africa
57%
Uganda
57%
Malawi
43%
Mauritius
43%
Mozambique
43%
Namibia
43%
Rwanda
43%
Sao Tome and Principe
43%
Seychelles
43%
Tanzania
43%
Zambia
43%
Zimbabwe
43%
No matching quizzes found
Score Distribution
Percent of People with Each Score
Percentile by Number Answered
Your Score History
You have not taken this quiz